Регионална библиотека "Любен Каравелов" - Русе

Cornelius Nepos (Запис номер 421572)

MARC детайли
000 -Лидер
Контролно поле с фиксирана дължина nam a22 a 4500
003 - Код на организацията, давaща контролен номер
Контролно поле BLK
005 - Дата и час на последна редакция
Контролно поле 20210625111618.0
008 - Елементи от данни с фиксирана дължина
fixed length control field 200315b bul|||||r ||||||| ||bul||
040 ## - Източник на каталожния запис
Идентификатор на билиотеката - собственик на записа BLK
041 ## - Код за език
Код за езика на текст/звукозапис или на отделно заглавие Френски
Код за езика КДБФ Френски
080 ## - УДК
Текстов определител УДК Латинска (римска) литература
УДК код - определител по УДК 821.124
УДК определител (092)
УДК - код + определител 821.124(092)
080 ## - УДК
Текстов определител УДК Римски писател и историк
УДК код - определител по УДК 929 Корнелий Непот
УДК - код + определител 929 Корнелий Непот
100 ## - Редна дума - Автор
R(LIN) 1299
Автор Monginot, A.
Авторска отговорност първи автор
139 ## - Редно поле
Редна дума Monginot, A.
245 10 - Сведения за заглавието
Заглавие Cornelius Nepos
Редно поле (дума) A. Monginot
260 ## - Област на издателските данни
Място на издаване, разпространение и проч. Paris
Име на издателя, разпространителя и проч. Hachette
Година на издаване 1875
9 (RLIN) 210229
Издателство - префикс ISBN 2-01-
300 ## - Физическа характеристика
Страници 172, 4 p.
Размери/Мащаб 15 cm
380 ## - Жанр
Жанр Литературознание
490 ## - СЕРИИ (Колекции)
9 (RLIN) 435080
Име на серия Колекция Редки и ценни издания
650 #7 - Допълнително описание по предмет – тема
9 (RLIN) 169508
Основно описание – тема или топоним Римска литература - писатели
653 #7 - Ключова дума – ненормативна
Ключова дума писатели
9 (RLIN) 193792
653 #7 - Ключова дума – ненормативна
Ключова дума творчество
9 (RLIN) 198042
852 ## - Местоположение
Форматна сигнатура Рф 875
Фондова буква Редки и ценни
999 ## - СИСТЕМНИ КОНТРОЛНИ НОМЕРА
Koha biblionumber 421572
Koha biblioitemnumber 421572
942 ## - АРТИКУЛИ
Вид на библиотечния материал Книги
Скрит в OPAC Не
Периодичен библиозапис Да
944 ## - СЪЗДАВАНЕ И РЕДАКЦИЯ на ЗАПИСА
Създаване/Редакция Създаване
Дата на регистрацията/редакция 2021-06-25
Служител, извършил регистрацията/редакцията ГГГ
Наличности
Код за отписване Код за изгубен артикул Източник на класификационната схема Код за повреда Коз за рестрикции Код за отдаване Артикулен № Име на библиотеката - собственик Име на библиотеката, в която се намира в момента Статус (Текущо местоположение) Дата на вписване в системата Местоположение - отдел Цена в лева Инвентарен номер Систематично азбучна сигнатура Баркод Цена в евро Служебен тип на артикула
  Не е изгубен Universal Decimal Classification Не е повреден само за читалня Специални фондове ( старопечатни, редки и ценни, фонд М. Арнаудов) 854847 Регионална библиотека "Любен Каравелов" Русе Регионална библиотека "Любен Каравелов" Русе Редки и ценни 2021-09-24 Редки и ценни 0.36 10507 Рф 875 900000066153 0.18 Книги
Vip Innovations Ltd, Rousse, Bulgaria 2025